El cuaderno de Blas Coll /
Guardat en:
| Autor principal: | |
|---|---|
| Format: | Desconegut |
| Idioma: | Spanish |
| Publicat: |
Caracas, Venezuela :
Fundarte,
1981.
|
| Col·lecció: | (Delta ;
8) |
| Matèries: | |
| Etiquetes: |
Afegir etiqueta
Sense etiquetes, Sigues el primer a etiquetar aquest registre!
|
MARC
| LEADER | 000000000a22000000004500 | ||
|---|---|---|---|
| 001 | 002697 | ||
| 041 | 0 | |a spa | |
| 082 | 0 | 4 | |a V864.44 |b M775c |
| 100 | 1 | |a Montejo, Blas, |d 1938-2008 | |
| 245 | 1 | 3 | |a El cuaderno de Blas Coll / |c Blas Montejo. |
| 260 | 1 | |a Caracas, Venezuela : |b Fundarte, |c 1981. | |
| 300 | |a 67 páginas | ||
| 490 | 1 | |a (Delta ; |v 8) | |
| 500 | |a Colección George Yúdice | ||
| 650 | 4 | |a LITERATURA VENEZOLANA | |
| 650 | 4 | |a ENSAYOS | |
| 999 | |c 9065 |d 9065 | ||
| 942 | |c BK |h V864.44 M775c |2 z | ||
